000 00194nam a2200073Ia 4500
008 170524s9999 xx 000 0 und d
100 _aSHANKAR- RAVI
245 0 _aSERVICE MARKETING THE INDIAN PRESPERTIVE
260 _bEXCEL BOOKS
999 _c8221
_d8221